00962nam a2200265 a 450000100060000000300080000600500170001400800410003103500190007203500140009104000330010504100080013804200120014608200220015810000530018024500780023326000280031130000370033950000870037665000320046370000430049594200120053899900170055095201290056775332BD-RjUL20211209082655.0190306s1944 enka 000 0 eng  a(BD-RjUL)75327 a(BD-RjUL) aDLCcTxCMdDLCdBD-RjULbeng aeng apremarc 223a547bSUP 19441 aSudborough, J. J.q(John Joseph),d1869-922721410aPractical organic chemistry /cby J. J. Sudborough and T. Campbell James. aLondon:bBlackie,c1944 axviii, 380 p. :billus.;c19 cm. a"A laboratory companion to Sudborough's edition of Bernthsen's Organic chemistry." 0aChemistry, Organic.92272151 aJames, Thomas Campbell,d1879-9229053 2ddccBK c75332d75332 00102ddc40718NFICaRUCLbRUCLcReadingd1964-09-21eAustralial0o547 SUP 1944r2019-03-06 00:00:00tC-1w2019-03-06yBK